Movimientos urbanos y Cambio político /

Uloženo v:
Podrobná bibliografie
Hlavní autor: Borja, Jordi
Médium: Text
Témata:
Tagy: Přidat tag
Žádné tagy, Buďte první, kdo vytvoří štítek k tomuto záznamu!

MARC

LEADER 00000 a a2200000 04500
001 44324
003
040
100 |a Borja, Jordi  
245 |a Movimientos urbanos y Cambio político /  |c Jordi Borja  
650 |a MOVIMIENTOS SOCIALES  
650 |a URBANISMO  
650 |a CAPITALISMO  
650 |a ESTADO  
650 |a SOCIALISMO  
773 |g volumen43, número4 ( , 1981), Páginas 1341-1369  
999 |c 40273  |d 40273